| 000 | 00814nam a22002173a 4500 | ||
|---|---|---|---|
| 005 | 20241211063732.0 | ||
| 008 | 010516s1997 mx fr 000 0 spa d | ||
| 020 | _a9686932798 | ||
| 035 | _aUPN01000106284 | ||
| 049 | _aCG | ||
| 050 | 4 |
_aF1234 _bG6.2 |
|
| 100 | 1 |
_aGonzález y González, Luis, _d1925-2003 _928518 |
|
| 245 | 1 | 4 |
_aLos días del presidente Cárdenas / _cLuis González y González. |
| 260 |
_aMéxico : _bClío, _c1997. |
||
| 300 |
_a364 p. : _bil. |
||
| 440 | 0 |
_aObras completas de Luis González y González ; _v8 |
|
| 505 | 8 |
_aContenido: _tJornadas presidencialistas - Jornadas agraristas - Jornadas nacionalizadoras - Jornadas económicas y culturales |
|
| 600 | 1 | 4 |
_aCARDENAS DEL RIO, LAZARO, _d1895-1970 |
| 651 | 4 |
_aMéxico _xHistoria _yRégimen cardenista, 1934-1940 _920207 |
|
| 905 | _aLibro | ||
| 999 |
_c80197 _d80197 |
||